书目信息 |
| 题名: |
工匠精神教育读本
|
|
| 作者: | 付善华 , 赵蓉 主编 | |
| 分册: | ||
| 出版信息: | 上海 同济大学出版社 2017.4 |
|
| 页数: | ||
| 开本: | 26cm | |
| 丛书名: | ||
| 单 册: | ||
| 中图分类: | B822.9 | |
| 科图分类: | ||
| 主题词: | 职业道德--高等职业教育--教材 | |
| 电子资源: | ||
| ISBN: | 978-7-5608-7059-5 | |
| 000 | 00913nam0 2200241 45 | |
| 001 | 012001001718 | |
| 005 | 20140921103355.0 | |
| 010 | @a978-7-5608-7059-5@dCNY42.00 | |
| 100 | @a20170522d2017 em y0chiy0110 ea | |
| 101 | 0 | @achi |
| 102 | @aCN@b310000 | |
| 105 | @ay z 000yy | |
| 106 | @ar | |
| 200 | 1 | @a工匠精神教育读本@9gong jiang jing shen jiao yu du ben@f付善华,赵蓉主编 |
| 210 | @a上海@c同济大学出版社@d2017.4 | |
| 215 | @d26cm | |
| 330 | @a本教材从分析中国从事实体、坚守实体的企业,尤其是制造业企业,旨在指明中国制造业的未来出路:以工匠教育和平民教育培养工匠精神的文化土壤,以工匠精神推动“中国制造”向“中国精造”迈进。本书适用于高职高专院校的人员及对这方面感兴趣的人员参考书。 | |
| 606 | 0 | @a职业道德@x高等职业教育@j教材 |
| 690 | @aB822.9@v5 | |
| 701 | 0 | @a付善华@9fu shan hua@4主编 |
| 701 | 0 | @a赵蓉@9zhao rong@4主编 |
| 801 | 0 | @aCN@b上海新华@c20180901 |
| 905 | @b1044241-5@dB822.9@e1145@f5 | |
| 工匠精神教育读本/付善华,赵蓉主编.-上海:同济大学出版社,2017.4 |
| 26cm |
| ISBN 978-7-5608-7059-5:CNY42.00 |
| 本教材从分析中国从事实体、坚守实体的企业,尤其是制造业企业,旨在指明中国制造业的未来出路:以工匠教育和平民教育培养工匠精神的文化土壤,以工匠精神推动“中国制造”向“中国精造”迈进。本书适用于高职高专院校的人员及对这方面感兴趣的人员参考书。 |
| ● |
| 相关链接 |
|
|
|
|
正题名:工匠精神教育读本
索取号:B822.9/1145
 
预约/预借
| 序号 | 登录号 | 条形码 | 馆藏地/架位号 | 状态 | 备注 |
| 1 | 1044241 | 210442412 | 第一样本阅览室/ [索取号:B822.9/1145] | 在馆 | |
| 2 | 1044242 | 210442421 | 第一借阅区/ [索取号:B822.9/1145] | 在馆 | |
| 3 | 1044243 | 210442430 | 第一借阅区/ [索取号:B822.9/1145] | 在馆 | |
| 4 | 1044244 | 210442449 | 第一借阅区/ [索取号:B822.9/1145] | 在馆 | |
| 5 | 1044245 | 210442458 | 第一借阅区/ [索取号:B822.9/1145] | 在馆 |